|
|
|
|
| LEADER |
00000nam0a2200000 4500 |
| 001 |
352060 |
| 005 |
20231102010449.0 |
| 035 |
|
|
|a (RuTPU)RU\TPU\retro\8231
|
| 035 |
|
|
|a RU\TPU\retro\8227
|
| 090 |
|
|
|a 352060
|
| 100 |
|
|
|a 20191114d1917 k y0rusy50 ca
|
| 101 |
0 |
|
|a rus
|
| 102 |
|
|
|a RU
|
| 105 |
|
|
|a a z 000zy
|
| 200 |
1 |
|
|a Весеннее маловодье р. Сыр-дарьи в 1916 году
|e [оттиск статьи]
|f А. Ф. Быков
|
| 210 |
|
|
|a Ташкент
|c Типо-литоргафия В. М. Ильина
|d 1917
|
| 215 |
|
|
|a 9 с.
|c граф., табл.
|
| 225 |
1 |
|
|a Известия Туркестанского Отдела Императорского Русского Географического Общества
|v Т. 13, вып. 1
|
| 300 |
|
|
|a Текст в русской дореформенной орфографии
|
| 606 |
1 |
|
|a Реки
|x Гидрометрия
|2 stltpush
|3 (RuTPU)RU\TPU\subj\24835
|9 49113
|
| 610 |
1 |
|
|a коллекция ТПУ
|
| 610 |
1 |
|
|a оттиски
|
| 610 |
1 |
|
|a расход воды
|
| 610 |
1 |
|
|a водные ресурсы
|
| 610 |
1 |
|
|a отклонения
|
| 610 |
1 |
|
|a наблюдения
|
| 610 |
1 |
|
|a орошение
|
| 610 |
1 |
|
|a колебания
|
| 610 |
1 |
|
|a метеорологические условия
|
| 675 |
|
|
|a 556.52
|v 4
|
| 700 |
|
1 |
|a Быков
|b А. Ф.
|
| 801 |
|
1 |
|a RU
|b 63413507
|c 20191114
|
| 801 |
|
2 |
|a RU
|b 63413507
|c 20191114
|g RCR
|
| 942 |
|
|
|c BK
|